| 000 | 00885nam0a22002531 4500 | ||
|---|---|---|---|
| 001 | RU\NLR\A1SV\146430 | ||
| 005 | 20260407202725.0 | ||
| 035 | _a(NLR Aleph) 011312211 | ||
| 090 |
_a11027396 _c11027396 |
||
| 100 | _a20161222d1918 u y0rusy50 ca | ||
| 101 | 0 | _arus | |
| 102 | _aRU | ||
| 200 | 1 | _a4-й Всероссийский чрезвычайный съезд советов рабочих, солдатских, крестьянских и казачьих депутатов | |
| 210 |
_aУфа _cИвангород. отд. Уфим. губ. совета нар. комиссаров _d1918 |
||
| 215 |
_a40 с. _d26 см |
||
| 620 | _dУфа | ||
| 710 | 0 | 1 |
_aРСФСР _bСъезд Советов _d4 _f1918 _9764633 _3RU\NLR\AUTH\8810134299 |
| 801 | 0 |
_aRU _bNLR _c20161222 |
|
| 899 | _aРГБ | ||
| 899 | _aРГБ | ||
| 942 | _cBOOK | ||
| 980 | _aNB | ||
| 980 | _aA1SV | ||